| 000 | 00644nam a2200217 a 4500 | ||
|---|---|---|---|
| 001 | 2810 | ||
| 005 | 20140414132006.0 | ||
| 008 | 051021s19uu xx 00 eng d | ||
| 020 | _a0-02-830911-1 | ||
| 050 |
_aTR 372.4 _bB35 L.3-B.2 |
||
| 100 | _aBereiter, Carl | ||
| 245 |
_aSRA open court reading, L.3-Bk.2 / _cCarl Berietier ...(et al.). |
||
| 250 | _aTeacher's Edition | ||
| 260 |
_aColumbus, Ohio : _bSRA/McGraw-Hill, _c2000. |
||
| 300 | _a311 p. ; cm. | ||
| 440 | _aSRA open court reading, blue. | ||
| 500 | _aStorytelling--money-country life. | ||
| 526 | _cGrade 3 | ||
| 650 |
_aReading _xStudy and teaching. |
||
| 999 |
_c113169 _d113169 |
||